Mickey Mouse. Staré zlaté časy.

Uložené v:
Podrobná bibliografia
Hlavný autor: Disney, W. (Author)
Médium: Kniha
Jazyk:Slovak
Vydané: 1992
ISBN: 8071343048
Tagy: Pridať tag
Žiadne tagy, Buďte prvý kto otaguje tento záznam!

MARC

LEADER 00000nam a2200000 a 4500
001 000247708
005 00000000000000.0
008 040101s1992 e sloo
020 |a 8071343048 
041 0 |a slo 
100 1 |a Disney, W.  |4 aut 
245 1 0 |a Mickey Mouse. Staré zlaté časy. 
260 |c 1992 
500 |a Záznam neprešiel kontrolou 
910 |a svkkk 
919 |a 80-7134-304-8 
998 |a BK 
090 |g SCKHL  |k Sklad Pribinova 2. posch.  |a II.348840  |j 848104  |i 247708-10  |s Absenčne